Mathematical Analysis for Economists
Guardado en:
| Autor principal: | |
|---|---|
| Formato: | Libro |
| Lenguaje: | inglés |
| Publicado: |
London
MacMillan
1969
|
| Edición: | 1. ed. |
| Etiquetas: |
Sin Etiquetas, Sea el primero en etiquetar este registro!
|
MARC
| LEADER | 00000nam a2200000 4500 | ||
|---|---|---|---|
| 001 | c024799 | ||
| 005 | 20221220103603.4 | ||
| 041 | 0 | |a eng | |
| 044 | |a GB | ||
| 245 | 1 | 0 | |a Mathematical Analysis for Economists |c R.G.D. Allen |
| 250 | |a 1. ed. | ||
| 264 | 1 | |a London |b MacMillan |c 1969 | |
| 300 | |a 548 s. | ||
| 100 | 1 | |a Allen, R.G.D. | |